| 000 | 00549nam a22002057a 4500 | ||
|---|---|---|---|
| 999 |
_c6413 _d6413 |
||
| 003 | OSt | ||
| 005 | 20191211154929.0 | ||
| 008 | 191211b ||||| |||| 00| 0 eng d | ||
| 020 | _a0131437380 | ||
| 040 | _cDDC | ||
| 082 | _a515.6 POL 2006 | ||
| 100 |
_aPolking, John; Boggess, Albert; Arnold, David _913155 |
||
| 245 | _aDifferential Equations | ||
| 250 | _a2nd ed. | ||
| 260 |
_aNew Jersey; _bPearson, _c2006 |
||
| 300 |
_axiii,599p; _bCol.ill: _c26cm |
||
| 504 | _aAnswers, & Index included | ||
| 650 |
_aEquations _95555 |
||
| 942 |
_2z _cO_SHELF |
||